Responses for Show #1471 - Monday, January 14, 1991

Lois Kurowski game 1.
Game entered from audiorecording. Missing prizes.

Contestants

[<< previous game]

Lois Kurowski, a doctoral student from Elkhart, Indiana

Kevin Osborne, a writer from Cliffside Park, New Jersey

Shane Pederson, a statistician originally from Fulda, Minnesota (whose 3-day cash winnings total $18,100)

[next game >>]

Jeopardy! Round responses

"C" IN SCIENCE
NEWSPAPERS & MAGAZINES
PIRATES
GEOGRAPHY
TV COMEDIENNES
HOMOPHONES
    $100 1
calories

Shane
    $100 7
World Report

Lois
    $100 10
the plank

Kevin
    $100 6
the Erie Canal

Lois
    $100 26
Suzanne Pleshette

Kevin
    $100 22
lay/lei

Kevin
    $200 2
condensation

Shane
    $200 8
(Lois: What is People Magazine?)

Spy

Lois
Triple Stumper
    $200 28
the Caribbean

Shane
    $200 13
the Moscow River

Triple Stumper
    $200 11
Betty White (or Rue McClanahan)

Kevin
    $200 17
maze/maize

Kevin
    $300 3
the cornea

Shane
    $300 9
the crossword puzzle

Kevin
    $300 27
Africa

Shane
    $300 14
Shanghai

Lois
    $300 12
Carol Burnett

Shane
    $300 18
pigeon/pidgin

Shane
    $400 4
a chronometer

Shane
    $1,100 24
(Shane: What is Time?)

Life

Shane
    $400 29
sea dogs

Lois
    $400 15
Venezuela

Lois
    $400 19
(Alex: And, boy, did she become a big star in television. [*].)

Lucille Ball

Triple Stumper
    $400 20
pekoe/picot

Triple Stumper
    $500 5
the centrifuge

Triple Stumper
    $500 25
Newsday

Lois
    $500 30
Edward Teach (Blackbeard)

Triple Stumper
    $500 16
Greenland

Kevin
    $500 23
Mary Tyler Moore

Shane
    $500 21
hew/hue

Kevin

Scores at the first commercial break (after clue 16):

Shane Kevin Lois
$1,300 $1,100 $700

Scores at the end of the Jeopardy! Round:

Shane Kevin Lois
$1,500 $2,000 $1,600

Double Jeopardy! Round responses

THE 20th CENTURY
SAINTS
WORD ORIGINS
MUSEUMS
INTERNATIONAL CUISINE
McWRITERS
(Alex: This is about authors, of course, and all of the authors, their last name begin with the letters M-C.)
    $200 1
the earthquake (in San Francisco)

Kevin
    $200 26
Wenceslas

Shane
    $200 10
apple

Lois
    $200 6
Indianapolis

Lois
    $200 17
shish kebab

Kevin
    $200 8
McGuffey

Kevin
    $400 2
Marcos

Shane
    $400 27
St. George

Lois
    $400 13
an orchestra

Kevin
    $400 7
Honolulu

Lois
    $400 18
steak tartare

Lois
    $400 9
(Marshall) McLuhan

Kevin
    $600 3
the Virgin Islands

Shane
    $600 28
St. Vincent de Paul

Lois
    $600 16
(Lois: What is mutton?)
...
(Alex: The correct response: what is [*]? [*]. It's a derogatory term.)

muttonhead

Lois
Triple Stumper
    $600 15
Massachusetts

Kevin
    $600 23
a garbanzo

Triple Stumper
    $600 11
Joe McGinniss

Lois
    $800 4
New Orleans

Triple Stumper
    $800 29
Augustine

Triple Stumper
    $800 21
foolscap

Triple Stumper
    $800 19
(Kevin: What is Vermont?)

New Hampshire

KevinLois
    $700 24
ratatouille

Shane
    $800 12
(Carson) McCullers

Shane
    $1,000 5
(William O.) Douglas

Shane
    $1000 30
St. Benedict

Lois
    $1000 22
nadir

Shane
    $1000 20
Mystic

Shane
    $1000 25
bok choy

Lois
    $1000 14
(Larry) McMurtry

Lois

Scores at the end of the Double Jeopardy! Round:

Shane Kevin Lois
$7,200 $3,200 $7,600

[wagering suggestions for these scores]

Final Jeopardy! Round responses

U.S. PRESIDENTS
(Alex: [To Lois:] Let's take a look at her response. Who were?)
(Lois: It's supposed to be [*] & [**], but I couldn't get the pen to work very well.)
(Alex: Well, let's see. We know that our contestants have trouble with the pens & I can see there it looks like a [*] & [**]. Can everybody agree on that? We are in agreement.)
KevinWho are Eisenhower & Truman?
$1,800
ShaneWho are Eisenhower & Truman?
$800
LoisWho are Truman & Eisenhower?
$7,200
Harry Truman & Dwight Eisenhower

Final scores:

Shane Kevin Lois
$8,000 $5,000 $14,800
2nd place 3rd place New champion: $14,800

Game dynamics:

Coryat scores:

Shane Kevin Lois
$8,400 $3,200 $7,600
17 R
(including 2 DDs),
1 W
(including 1 DD)
14 R,
1 W
17 R,
2 W

Combined Coryat: $19,200

[game clues] [game scores] [suggest correction]

Game tape date: 1990-10-10
The J! Archive is created by fans, for fans. Scraping, republication, monetization, and malicious use prohibited; this site may use cookies and collect identifying information. See terms. The Jeopardy! game show and all elements thereof, including but not limited to copyright and trademark thereto, are the property of Jeopardy Productions, Inc. and are protected under law. This website is not affiliated with, sponsored by, or operated by Jeopardy Productions, Inc. Join the discussion at JBoard.tv.